00518 2200193 4500001002100000005001500021008004100036020002200077035001900099041000700118082000800125090001800133100001800151245004200169260004200211300003100253500001000284650003000294INLIS00000000000444720241224112919241224||||||||| | ||| |||| || |  a978-979-461-684-0 0010-1224004447 aid0 a959 a959.802 GER S0 aGERT OOSTINDE00aSERDADU BELANDA DIINDONESIA 1945-1950 aJakartabPUSTAKA OBOR INDONESIAc2016 axxvi, 372 HAL,; IL,; 24 CM aCET 1 0aILMU SEJARAH DAN GEOGRAFI